Εκτίμηση βροχόπτωσης με μεθόδους χωρικής ανάλυσης : μεταπτυχιακή εργασία
Στην παρούσα εργασία γίνεται εκτίμηση της βροχόπτωσης στην περιοχή της Αττικής με μεθόδους χωρικής ανάλυσης. Χρησιμοποιούνται οι μέθοδοι των splines, Inverse Distance Weighting και Ordinary Kriging...
Αποθηκεύτηκε σε:
| Κύριος συγγραφέας: | |
|---|---|
| Συγγραφή απο Οργανισμό/Αρχή: | |
| Μορφή: | Thesis Βιβλίο |
| Γλώσσα: | Greek |
| Δημοσίευση: |
2013.
|
| Θέματα: | |
| Διαθέσιμο Online: | http://hdl.handle.net/11610/15596 |
| Ετικέτες: |
Προσθήκη ετικέτας
Δεν υπάρχουν, Καταχωρήστε ετικέτα πρώτοι!
|
MARC
| LEADER | 00000cam a2200000 i 4500 | ||
|---|---|---|---|
| 001 | 1/45400 | ||
| 008 | 140403s2013 gr | ||| |||| ||gre|| | ||
| 035 | |l 10117296 | ||
| 040 | |a GR-MyUA |b gre |e AACR2 | ||
| 041 | 0 | |a gre | |
| 082 | 0 | |a 551.5772 |2 (22) | |
| 100 | 1 | |a Μπουζάλης, Αθανάσιος Μ. | |
| 245 | 1 | 0 | |a Εκτίμηση βροχόπτωσης με μεθόδους χωρικής ανάλυσης : |b μεταπτυχιακή εργασία / |c Αθανάσιος Μ. Μπουζάλης ; επιβλέπων καθηγητής Δημήτριος-Φραγκίσκος Λέκκας. |
| 260 | |c 2013. | ||
| 300 | |a 101 σ. : |b σχέδια, πιν. ; |c 30 εκ. | ||
| 500 | |a Μέλη της εξεταστικής επιτροπής: Λέκκας Δημήτριος-Φραγκίσκος, Τσιμήκας Τζων, Γεωργίου Στέλιος. | ||
| 502 | |a Διατριβή (μεταπτυχιακή) – Πανεπιστήμιο Αιγαίου, Σάμος, 2013. | ||
| 504 | |a Βιβλιογραφία: σ. 85. | ||
| 506 | 1 | |a Διάθεση πλήρους κειμένου ; |d Ενδοπανεπιστημιακή δημοσίευση. | |
| 520 | |a Στην παρούσα εργασία γίνεται εκτίμηση της βροχόπτωσης στην περιοχή της Αττικής με μεθόδους χωρικής ανάλυσης. Χρησιμοποιούνται οι μέθοδοι των splines, Inverse Distance Weighting και Ordinary Kriging | ||
| 610 | 2 | 0 | |a University of the Aegean |x Dissertations. |
| 650 | 0 | 0 | |a Rain and rainfall |z Greece |z Attike. |
| 650 | 0 | 0 | |a Spatial analysis. |
| 650 | 0 | 0 | |a Dissertations, Academic |z Greece. |
| 700 | 1 | |a Λέκκας, Δημήτριος-Φραγκίσκος Θ. |e dgs | |
| 710 | 2 | |a Πανεπιστήμιο Αιγαίου. |b Σχολή Θετικών Επιστημών. |b Τμήμα Στατιστικής και Αναλογιστικών-Χρηματοοικονομικών Μαθηματικών. |b Μεταπτυχιακό Πρόγραμμα στη Στατιστική και τα Χρηματοοικονομικά-Αναλογιστικά Μαθηματικά. |b Στατιστική και Ανάλυση Δεδομένων. | |
| 852 | |a INST |b SAMOS |c DIATR |e 20140403 |h 551.5772 ΜΠΟ |p 005300036578 |q 005300036578 |t MTXE |y 23 | ||
| 852 | |a INST |b SAMOS |c DIATR |e 20140403 |h 551.5772 ΜΠΟ |p 005300036579 |q 005300036579 |t MTXE |y 23 | ||
| 856 | |u http://hdl.handle.net/11610/15596 | ||
| 901 | |a BIBL3-2014-1 | ||
| 909 | |a Σ |b 184760 | ||
| 909 | |a Σ |b 184761 | ||
| 924 | |a ΜΠΟΥΖΑΛΗΣ |b ΑΘΑΝΑΣΙΟΣ |y Σάμος |z 2014-03 | ||
| 970 | |a ΚΟΣΙΕΡΗΣ |b ΧΡΗΣΤΟΣ |z 2014/04/03 | ||